000 00420nam a2200145 i 4500
001 74536
003 ES-MaACL
007 t|
008 040920q1934 sp ||||1| spa d
100 1 _aGonzález Linacero, Manuel.
_958750
245 1 0 _aIdeal
_b: estudios de la vida /
_cManuel González Linacero.
260 _aLeón :
_b[s.n.,
_c1934?] (
_fGráfica Leonesa)
300 _a156 p. ;
_c16 cm.
852 _aES-MaACL
_jB-8443
999 _c74536
_d74536